00860nam a22002291 450000100060000000300080000600500170001400800390003103500190007004000360008904100080012508200220013310000210015524500910017626000950026730000500036250000800041250400410049265000300053365000230056365000440058611447BD-RjUL20211208235128.0140126s1962 enkf bc f001 0 eng a(BD-RjUL)11496 aDLC/ICUcICUdDLCdBD-RjULbeng aeng00a743.932bARN 1962 aArcher, Mildred.10aNatural history drawings in the India Office Library :b[catalogue] /cMildred Archer. aLondon :bPublished for the Commonwealth Relations Office by H.M. Stationery Off.,cc1962. aix, 116 p. :b25 plates (part col.) ;c24 cm. aStamped on t.p.: Agents in America: British Information Services, New York. aBibliography: p. 103-108. and index. 0aDrawing, IndicxCatalogs. 0aDrawingxCatalogs. 0aNatural historyzAsiaxPictorial works.